Tun Teja / (Record no. 170332)

MARC details
000 -LEADER
fixed length control field 01238pam a2200385 i 4500
001 - CONTROL NUMBER
control field vtls000848968
003 - CONTROL NUMBER IDENTIFIER
control field PNM
005 - DATE AND TIME OF LATEST TRANSACTION
control field 20181127090226.0
008 - FIXED-LENGTH DATA ELEMENTS--GENERAL INFORMATION
fixed length control field 180313t20182018my a b 000 0 eng
015 ## - NATIONAL BIBLIOGRAPHY NUMBER
National bibliography number M18-08320
020 ## - INTERNATIONAL STANDARD BOOK NUMBER
International Standard Book Number 9789674154646
Qualifying information paperback
039 #9 - LEVEL OF BIBLIOGRAPHIC CONTROL AND CODING DETAIL [OBSOLETE]
Level of rules in bibliographic description 201808211140
Level of effort used to assign nonsubject heading access points anis_o
Level of effort used to assign subject headings 201808211139
Level of effort used to assign classification anis_o
Level of effort used to assign subject headings 201808101603
Level of effort used to assign classification raihan
Level of effort used to assign subject headings 201807161228
Level of effort used to assign classification hema
040 ## - CATALOGING SOURCE
Original cataloging agency BNM
Language of cataloging eng
Transcribing agency BNM
Description conventions rda
Modifying agency PPAK
041 1# - LANGUAGE CODE
Language code of text/sound track or separate title eng
-- may
049 ## - LOCAL HOLDINGS (OCLC)
Holding library mal
082 04 - DEWEY DECIMAL CLASSIFICATION NUMBER
Classification number 398.209595
Edition number 23
090 00 - LOCALLY ASSIGNED LC-TYPE CALL NUMBER (OCLC); LOCAL CALL NUMBER (RLIN)
Classification number (OCLC) (R) ; Classification number, CALL (RLIN) (NR) 398.209595
Feature heading MAS
Feature heading K
100 0# - MAIN ENTRY--PERSONAL NAME
Personal name Maslina Md. Nor,
Dates associated with a name 1968-
Relator term author,
-- illustrator.
245 10 - TITLE STATEMENT
Title Tun Teja /
Statement of responsibility, etc. Written & illustrated by = Hasil tulisan & lukisan MASLINA MD NOR
264 #1 - PRODUCTION, PUBLICATION, DISTRIBUTION, MANUFACTURE, AND COPYRIGHT NOTICE
Place of production, publication, distribution, manufacture Petaling Jaya, Selangor :
Name of producer, publisher, distributor, manufacturer MPH Group Publishing Sdn Bhd,
Date of production, publication, distribution, manufacture, or copyright notice [2018]
Date of production, publication, distribution, manufacture, or copyright notice ©2018
300 ## - PHYSICAL DESCRIPTION
Extent 31 unnumbered pages :
Other physical details colour illustrations ;
Dimensions 22 cm
336 ## - CONTENT TYPE
Content type term text
Source rdacontent
337 ## - MEDIA TYPE
Media type term unmediated
Source rdamedia
338 ## - CARRIER TYPE
Carrier type term volume
Source rdacarrier
546 ## - LANGUAGE NOTE
Language note Text parallel in English and Malay
650 10 - SUBJECT ADDED ENTRY--TOPICAL TERM
Topical term or geographic name entry element Folklore
Geographic subdivision Malaysia
Topical term or geographic name entry element Tales
Geographic subdivision Malaysia
Topical term or geographic name entry element Folk literature, English
Topical term or geographic name entry element Folk literature, Malay
942 ## - ADDED ENTRY ELEMENTS (KOHA)
Source of classification or shelving scheme Dewey Decimal Classification
Koha item type Book
949 ## - LOCAL PROCESSING INFORMATION (OCLC)
6 2000609893
6 2000609891
6 2000609892
Holdings
Withdrawn Not for loan Current library Shelving location Date acquired Total Checkouts Full call number Barcode Date last seen Date last checked out Koha item type Total Renewals
    Perpustakaan Alor Setar Pinjaman Kanak-kanak 05/12/2018 1 K 398.209595 MAR A01587778 10/03/2020 29/02/2020 Book  
    Perpustakaan Alor Setar Pinjaman Kanak-kanak 05/12/2018   K 398.209595 MAR A01587779 09/02/2019   Book  
    Perpustakaan Awam Sungai Petani Pinjaman Kanak-kanak 05/12/2018 1 K 398.209595 MAR A01587780 12/04/2022 23/03/2022 Book  
    Perpustakaan Baling Pinjaman Kanak-kanak 05/12/2018   K 398.209595 MAR A01587784 05/12/2018   Book  
    Perpustakaan Bandar Baharu Pinjaman Kanak-kanak 05/12/2018   K 398.209595 MAR A01587785 05/12/2018   Book  
    Perpustakaan Jitra Pinjaman Kanak-kanak 05/12/2018   K 398.209595 MAR A01587781 05/12/2018   Book  
    Perpustakaan Kuala Nerang Pinjaman Kanak-kanak 05/12/2018   K 398.209595 MAR A01587789 05/12/2018   Book  
    Perpustakaan Kulim Pinjaman Kanak-kanak 05/12/2018   K 398.209595 MAR A01587783 05/12/2018   Book  
    Perpustakaan Langkawi Pinjaman Kanak-kanak 05/12/2018 1 K 398.209595 MAR A01587782 29/08/2019 15/08/2019 Book  
    Perpustakaan Merbok Pinjaman Kanak-kanak 05/12/2018 2 K 398.209595 MAR A01587786 02/09/2023 27/08/2023 Book 1
    Perpustakaan Pendang Pinjaman Kanak-kanak 05/12/2018 1 K 398.209595 MAR A01587790 28/07/2019 28/07/2019 Book  
    Perpustakaan Sik Pinjaman Kanak-kanak 05/12/2018   K 398.209595 MAR A01587788 05/12/2018   Book  
    Perpustakaan Yan Pinjaman Kanak-kanak 05/12/2018 2 K 398.209595 MAR A01587787 01/01/2020 18/12/2019 Book